|
|
|
|
| LEADER |
01013nam a2200253 a 4500 |
| 001 |
2157598 |
| 008 |
091121s2000 maua b 001 0 eng d |
| 010 |
|
|
|a 99026769
|
| 020 |
|
|
|a 0072286318 (acid-free paper)
|
| 040 |
|
|
|a DLC
|c DLC
|d DLC
|
| 082 |
0 |
0 |
|a 331.29
|2 21
|
| 100 |
1 |
|
|a Katz, Harry Charles,
|d 1951-
|
| 245 |
1 |
3 |
|a An introduction to collective bargaining and industrial relations /
|c Harry C. Katz, Thomas A. Kochan.
|
| 250 |
|
|
|a 2nd ed.
|
| 260 |
|
|
|a Boston :
|b IRWIN/McGraw-Hill,
|c c2000.
|
| 300 |
|
|
|a xvi, 484 p. :
|b ill. ;
|c 24 cm.
|
| 504 |
|
|
|a Includes bibliographical references and index.
|
| 541 |
1 |
|
|e 00014825
|
| 650 |
|
0 |
|a Collective bargaining.
|
| 650 |
|
0 |
|a Industrial relations.
|
| 700 |
1 |
|
|a Kochan, Thomas A.
|
| 852 |
4 |
|
|a Ayesha Abed Library
|j General Shelf.
|
| 999 |
|
|
|c 5778
|d 5778
|
| 952 |
|
|
|0 0
|1 0
|2 ddc
|4 0
|6 331_290000000000000_KAT
|7 0
|9 5726
|a BRACUL
|b BRACUL
|c GEN
|d 2009-11-22
|g 0.00
|l 3
|m 16
|o 331.29 KAT
|p 3010014825
|r 2019-01-15
|s 2018-11-19
|t 1
|w 2009-11-22
|y BK
|x No price found in the accession register.
|